All Detroit Neighborhoods - Statistics

General Stats
  • This quiz has been taken 185 times
  • The average score is 23 of 91
Answer Stats
# Neighborhood Pop. % Correct
19 Downtown 6,826
92%
83 Corktown 592
75%
6 Midtown 14,550
75%
82 Mexicantown 614
58%
91 Eastern Market 144
56%
61 Indian Village 1,672
56%
7 Brightmoor 12,836
55%
3 Southwest Detroit 14,928
48%
9 Bagley 11,792
47%
13 Grandmont-Rosedale 10,334
47%
2 Warrendale 17,417
45%
20 Jefferson Chalmers 6,627
44%
70 West Village 1,168
44%
74 New Center 1,038
42%
1 Osborn 37,358
41%
33 University District 3,342
41%
81 Chaldean Town 639
39%
42 Delray 2,783
39%
26 East English Village 4,473
39%
49 Woodbridge 2,266
39%
21 Islandview 5,880
38%
4 Morningside 14,867
38%
8 Dexter-Linwood 11,812
36%
32 North End 3,390
36%
84 Old Redford 564
36%
5 Springwells 14,698
36%
37 Core City 3,101
34%
23 Lafayette Park 5,574
33%
60 North Corktown 1,695
33%
58 Cass Corridor 1,707
31%
10 Franklin Park 10,631
31%
75 Palmer Woods 1,003
31%
12 Regent Park 10,377
31%
45 Wayne State 2,407
31%
11 Barton-McFarland 10,535
30%
50 Boston-Edison 2,242
30%
39 Petosky-Otsego 3,071
30%
18 Belle Isle 6,969
28%
77 Warehouse District 920
28%
28 Berg-Lahser 3,884
27%
40 Five Points 2,841
27%
90 Milwaukee Junction 160
27%
78 Sherwood Forest 904
27%
87 Virginia Park 337
27%
34 Rosedale Park 3,323
25%
27 North Rosedale Park 4,222
23%
46 Russell Woods 2,397
22%
52 The Eye 2,083
22%
17 Elmwood Park 7,022
19%
51 Grixdale 2,200
19%
14 Oakman Blvd. 9,960
19%
22 Von Steuben 5,599
19%
30 Chandler Park 3,667
17%
54 Green Acres 2,074
17%
68 Medical Center 1,221
17%
59 Michigan-Martin 1,699
17%
24 Pulaski 5,563
17%
31 Krainz Woods 3,611
16%
57 LaSalle Gardens 1,800
16%
64 McDougall-Hunt 1,525
16%
56 Poletown East 1,839
16%
41 8 Mile Wyoming 2,795
14%
89 Arden Park 284
14%
36 Aviation Sub. 3,176
14%
25 Conner Creek 5,457
13%
16 Grandale 7,512
13%
38 Mohican Regent 3,080
13%
69 Oakwood Heights 1,216
13%
76 Ravendale 976
13%
86 Carbon Works 389
11%
80 Hubbard Richard 704
11%
67 NW Goldberg 1,230
11%
72 Conant Gardens 1,075
9%
15 Cornerstone Village 8,448
9%
88 Detroit Golf 319
9%
29 Riverdale 3,849
9%
62 West Side Industrial 1,667
9%
47 Art Center 2,391
8%
79 Marina District 715
8%
48 Fiskhorn 2,311
6%
73 Forest Park 1,044
6%
55 Castle Rouge 2,065
5%
66 Eliza Howell 1,377
5%
43 Gold Coast 2,758
5%
44 Greensbriar 2,464
5%
71 Minock Park 1,134
5%
85 Joseph Berry Sub 448
3%
53 Blackstone Park 2,082
2%
63 Grandmont #1 1,559
2%
35 LaSalle College Park 3,183
2%
65 Westwood Park 1,483
2%
No matching quizzes found
Score Distribution
Percent of People with Each Score
Percentile by Number Answered
Your Score History
You have not taken this quiz